Movies by release date 70's & 80's - Statistics

General Stats
  • This quiz has been taken 50 times
  • The average score is 11 of 20
Answer Stats
Movie Year % Correct
The Godfather 1972
98%
The Shining 1980
81%
One Flew over the Cuckoo's Nest 1975
72%
Apocalypse Now 1979
67%
Taxi Driver 1976
58%
Alien 1979
58%
Star Wars: The Empire Strikes Back 1980
58%
Indiana Jones: Rairders of the Lost Ark 1981
58%
Die Hard 1988
53%
Rain Man 1988
53%
The Deer Hunter 1978
49%
Das Boot 1981
49%
Robocop 1987
47%
A Clockwork Orange 1971
44%
Platoon 1986
42%
Predator 1987
42%
The Thing 1982
37%
Leathal Weapon 1987
37%
Papillon 1973
26%
Red Dawn 1984
23%
No matching quizzes found
Score Distribution
Percent of People with Each Score
Percentile by Number Answered
Your Score History
You have not taken this quiz